Mein blut ist das blut eines anderen: thriller
Saved in:
| Hovedforfatter: | |
|---|---|
| Format: | Bog |
| Sprog: | tysk |
| Udgivet: |
Berlín
Be.bra Verlag
2006
|
| Serier: | Japan-Edition
|
| Fag: | |
| Tags: |
Tilføj Tag
Ingen Tags, Vær først til at tagge denne postø!
|
MARC
| LEADER | 00000nam a2200000 a 4500 | ||
|---|---|---|---|
| 001 | UCI1727 | ||
| 003 | CL-VaPUC | ||
| 008 | 070713e20060000GW |||||||||||||||||ger|d | ||
| 020 | |a 3861249022 | ||
| 082 | 0 | 4 | |a 895.609 |b TSU |2 21 |
| 100 | 0 | |a Tsutsui, Yasutaka |e author |9 522387 | |
| 245 | 1 | 0 | |a Mein blut ist das blut eines anderen: thriller |
| 300 | |a 224 p | ||
| 942 | |c BK | ||
| 945 | |d 20070713 00:00:00 |a jtorresc | ||
| 260 | |a Berlín |b Be.bra Verlag |c 2006 | ||
| 650 | 7 | |a NOVELA JAPONESA |2 CL-VaPUC |9 266546 | |
| 650 | 7 | |a SUSPENSO |2 CL-VaPUC |9 522388 | |
| 583 | |a last modification |c 20070713 00:00:00 |k Rodrigo Vera | ||
| 490 | 0 | |a Japan-Edition | |
| 999 | |c 326482 |d 326480 | ||
| 952 | |0 0 |1 0 |4 0 |6 895_609000000000000_TSU_2006 |7 0 |8 A |9 408382 |a BIBGIM |b BIBGIM |d 2019-11-22 |i 4357582 |o 895.609 TSU 2006 |p 4357582 |r 2025-01-15 |w 2019-11-22 |y BK |k ORI | ||